[Event "Titled Tuesday intern op 05th Sep Late"]
[Site "Chess.com INT"]
[Date "2023.09.05"]
[Round "10"]
[White "Demina, Marya"]
[Black "Lopez Perdomo, Juan David"]
[Result "1-0"]
[WhiteElo "1890"]
[BlackElo "2029"]
[PlyCount "53"]
[EventDate "2023.09.05"]
[EventType "swiss (blitz)"]
[EventRounds "11"]
[EventCountry "USA"]
[SourceTitle "EXT 2024"]
[Source "ChessBase"]
[SourceDate "2023.10.10"]
[SourceVersion "1"]
[SourceVersionDate "2023.10.10"]
[SourceQuality "1"]

1. d4 e6 2. Nf3 c5 3. d5 exd5 4. Qxd5 Nf6 5. Qd1 d5 6. Bg5 Be7 7. c4 d4 8. e3 0-0 9. exd4 cxd4 10. Qxd4 Qc7 11. Be2 Nc6 12. Qd1 Bb4+ 13. Nbd2 Ne4 14. Be3 f5 15. 0-0 Rd8 16. Qc2 Nxd2 17. Nxd2 Bxd2 18. Bxd2 Nd4 19. Qd1 f4 20. b3 f3 21. Bd3 Bg4 22. Qb1 Ne2+ 23. Kh1 fxg2+ 24. Kxg2 Qc6+ 25. Be4 Qe6 26. Be3 Bh3+ 27. Kh1 1-0

[Event "Titled Tuesday intern op 05th Sep Late"]
[Site "Chess.com INT"]
[Date "2023.09.05"]
[Round "1"]
[White "Idnani, Roshan R"]
[Black "Lopez Perdomo, Juan David"]
[Result "1-0"]
[WhiteElo "2082"]
[BlackElo "2029"]
[PlyCount "75"]
[EventDate "2023.09.05"]
[EventType "swiss (blitz)"]
[EventRounds "11"]
[EventCountry "USA"]
[SourceTitle "EXT 2024"]
[Source "ChessBase"]
[SourceDate "2023.10.10"]
[SourceVersion "1"]
[SourceVersionDate "2023.10.10"]
[SourceQuality "1"]

1. e4 c5 2. Nf3 e6 3. b3 d6 4. Bb2 Nf6 5. e5 dxe5 6. Nxe5 a6 7. Be2 Be7 8. 0-0 0-0 9. Bf3 Qc7 10. Re1 Bd7 11. Nc3 Nc6 12. Nxc6 Bxc6 13. d3 b5 14. Bxc6 Qxc6 15. Ne4 Nxe4 16. Rxe4 f5 17. Re2 Bf6 18. Bxf6 Rxf6 19. Re5 Rd8 20. Qe2 c4 21. dxc4 bxc4 22. Qxc4 Qxc4 23. bxc4 Rc8 24. c5 Rf7 25. Rb1 Rfc7 26. Rxe6 Rxc5 27. Rxa6 Rxc2 28. h3 R8c7 29. Rb8+ Kf7 30. Rba8 h6 31. a4 Rc1+ 32. Kh2 R7c2 33. Rb8 Rxf2 34. Rb7+ Kg8 35. Rg6 Kh8 36. Rbxg7 Rcc2 37. Rg8+ Kh7 38. R6g7# 1-0

[Event "Titled Tuesday intern op 25th Jul Late"]
[Site "Chess.com INT"]
[Date "2023.07.25"]
[Round "7"]
[White "Bagchi, Sounak"]
[Black "Lopez Perdomo, Juan David"]
[Result "1-0"]
[WhiteElo "2030"]
[BlackElo "2029"]
[PlyCount "59"]
[EventDate "2023.07.25"]
[EventType "swiss (blitz)"]
[EventRounds "11"]
[EventCountry "USA"]
[SourceTitle "EXT 2024"]
[Source "ChessBase"]
[SourceDate "2023.10.10"]
[SourceVersion "1"]
[SourceVersionDate "2023.10.10"]
[SourceQuality "1"]

1. e4 c5 2. Nf3 e6 3. g3 d6 4. Bg2 Nf6 5. Qe2 Be7 6. 0-0 0-0 7. c3 a6 8. d4 b5 9. Rd1 Qc7 10. Bf4 Bb7 11. Nbd2 Nbd7 12. Rac1 Qb6 13. Qd3 Rfd8 14. Ne1 a5 15. Nc2 b4 16. Ne3 Ba6 17. Nec4 Qa7 18. d5 exd5 19. exd5 Ne5 20. Bxe5 dxe5 21. Qf5 Nxd5 22. Nxe5 Bf6 23. Nc6 Qd7 24. Qxd7 Rxd7 25. Ne4 Bb7 26. Rxd5 Bxc6 27. Rxd7 Bxd7 28. Nxf6+ gxf6 29. Bxa8 Bc6 30. Bxc6 1-0

[Event "Titled Tuesday intern op 06th Jun Late"]
[Site "Chess.com INT"]
[Date "2023.06.06"]
[Round "9"]
[White "Lopez Perdomo, Juan David"]
[Black "Kohler, Aran"]
[Result "0-1"]
[WhiteElo "2029"]
[BlackElo "2010"]
[PlyCount "76"]
[EventDate "2023.06.06"]
[EventType "swiss (blitz)"]
[EventRounds "11"]
[EventCountry "USA"]
[SourceTitle "EXT 2024"]
[Source "ChessBase"]
[SourceDate "2023.10.10"]
[SourceVersion "1"]
[SourceVersionDate "2023.10.10"]
[SourceQuality "1"]

1. d4 d5 2. c4 c6 3. e3 Nf6 4. Nf3 a6 5. Be2 e6 6. 0-0 b5 7. a4 bxc4 8. b3 cxb3 9. Qxb3 Nbd7 10. Nbd2 Bd6 11. Qc2 c5 12. Ba3 Qe7 13. Ne5 Nxe5 14. dxe5 Bxe5 15. Bxc5 Bd6 16. Bxd6 Qxd6 17. e4 0-0 18. exd5 Nxd5 19. Nc4 Qc7 20. Rac1 Bb7 21. Qb3 Rab8 22. Qa3 Rfd8 23. a5 Qf4 24. Bf3 g6 25. g3 Qf6 26. Nd6 Ba8 27. Ne4 Qe5 28. Rfe1 Qf5 29. Nd6 Qf6 30. Bg2 Kg7 31. Ne4 Qe7 32. Qa1+ Nf6 33. Rc3 Bxe4 34. Bxe4 Nxe4 35. Rxe4 Qf6 36. Rf4 Rd1+ 37. Kg2 Rxa1 38. Rxf6 Kxf6 0-1

[Event "Titled Tuesday intern op 06th Jun Late"]
[Site "Chess.com INT"]
[Date "2023.06.06"]
[Round "7"]
[White "Lopez Perdomo, Juan David"]
[Black "Swicarz, Maciej"]
[Result "1-0"]
[WhiteElo "2029"]
[BlackElo "2304"]
[PlyCount "131"]
[EventDate "2023.06.06"]
[EventType "swiss (blitz)"]
[EventRounds "11"]
[EventCountry "USA"]
[SourceTitle "EXT 2024"]
[Source "ChessBase"]
[SourceDate "2023.10.10"]
[SourceVersion "1"]
[SourceVersionDate "2023.10.10"]
[SourceQuality "1"]

1. d4 Nf6 2. c4 e6 3. e3 c5 4. Nf3 cxd4 5. Nxd4 d5 6. Nc3 Be7 7. cxd5 Nxd5 8. Bb5+ Bd7 9. Nxd5 exd5 10. Bxd7+ Qxd7 11. 0-0 0-0 12. b3 Nc6 13. Bb2 Bf6 14. a3 Rac8 15. Qd3 Rfe8 16. Rfd1 Ne5 17. Qe2 a6 18. Rac1 Ng6 19. Rxc8 Qxc8 20. g3 Ne5 21. Rc1 Qh3 22. Qf1 Qg4 23. h3 Qd7 24. Kg2 h5 25. Qe2 g6 26. Nf3 d4 27. Bxd4 Qd5 28. Bxe5 Rxe5 29. Qc4 Qxc4 30. Rxc4 Rb5 31. b4 a5 32. Nd4 Bxd4 33. Rxd4 axb4 34. Rxb4 Ra5 35. a4 Kg7 36. Kf3 Rf5+ 37. Ke2 Ra5 38. Kd3 Kf6 39. f4 Kg7 40. e4 Kf6 41. e5+ Kg7 42. Kc3 Kf8 43. Kb3 Ra7 44. Kc4 Ra5 45. Kb3 Ra7 46. Rb5 Ke7 47. Kb4 Kd7 48. Rb6 Ke7 49. a5 Ke8 50. Kb5 Ke7 51. Rd6 Ra8 52. Rd5 Ra6 53. Rc5 Kd7 54. g4 hxg4 55. hxg4 Kd8 56. Rd5+ Kc7 57. Rd6 Ra8 58. Rf6 Kd7 59. Rxf7+ Ke6 60. Rxb7 g5 61. f5+ Kxe5 62. a6 Kf4 63. f6 Kxg4 64. f7 Kf3 65. a7 g4 66. Rb8 1-0

[Event "Titled Tuesday intern op 16th May Late"]
[Site "Chess.com INT"]
[Date "2023.05.16"]
[Round "1"]
[White "Lopez Perdomo, Juan David"]
[Black "Potapova, Margarita"]
[Result "0-1"]
[WhiteElo "2029"]
[BlackElo "2104"]
[PlyCount "62"]
[EventDate "2023.05.16"]
[EventType "swiss (blitz)"]
[EventRounds "11"]
[EventCountry "USA"]
[SourceTitle "CBM 214 Extra"]
[Source "ChessBase"]
[SourceDate "2023.07.31"]
[SourceVersion "1"]
[SourceVersionDate "2023.07.31"]
[SourceQuality "1"]

1. d4 Nf6 2. c4 g6 3. Nc3 c5 4. Nf3 cxd4 5. Qxd4 Bg7 6. e4 Nc6 7. Qc5 0-0 8. Be2 d6 9. Qa3 Bg4 10. Bf4 Bxf3 11. Bxf3 Nd4 12. Bd1 a6 13. Be3 Nd7 14. 0-0 b5 15. cxb5 axb5 16. Qb4 Ne6 17. Qxb5 Rb8 18. Qe2 Ndc5 19. Bc2 Rxb2 20. Qd2 Qa5 21. Nd5 Qxd2 22. Bxd2 Rxc2 23. Bb4 Bxa1 24. Nxe7+ Kg7 25. Rxa1 Nxe4 26. f3 Rb8 27. Nd5 N4c5 28. a3 f6 29. h3 h5 30. Bc3 Kf7 31. Rd1 Nf4 0-1

[Event "Titled Tuesday intern op 16th May Late"]
[Site "Chess.com INT"]
[Date "2023.05.16"]
[Round "2"]
[White "Ziatdinov, Raset"]
[Black "Lopez Perdomo, Juan David"]
[Result "0-1"]
[WhiteElo "2101"]
[BlackElo "2029"]
[PlyCount "80"]
[EventDate "2023.05.16"]
[EventType "swiss (blitz)"]
[EventRounds "11"]
[EventCountry "USA"]
[SourceTitle "CBM 214 Extra"]
[Source "ChessBase"]
[SourceDate "2023.07.31"]
[SourceVersion "1"]
[SourceVersionDate "2023.07.31"]
[SourceQuality "1"]

1. e4 e6 2. d4 d5 3. Nc3 Bb4 4. exd5 exd5 5. Bd3 Nf6 6. Nge2 0-0 7. 0-0 Bg4 8. f3 Bh5 9. Nf4 Bg6 10. Nxg6 hxg6 11. Bg5 c6 12. a3 Bd6 13. Re1 Nbd7 14. Qd2 Qc7 15. g3 Rfe8 16. Kg2 Nh7 17. Bh4 Ndf6 18. f4 Qd7 19. Rxe8+ Rxe8 20. Re1 Ng4 21. h3 Ngf6 22. b4 a5 23. Na4 axb4 24. axb4 Ne4 25. Bxe4 dxe4 26. Nc5 Bxc5 27. bxc5 Qe6 28. Re3 f5 29. Qb4 Qd7 30. Kf2 Nf8 31. Rb3 Ne6 32. c3 Rb8 33. Qb6 Nc7 34. Qb4 Nd5 35. Qc4 e3+ 36. Ke2 Qe6 37. Qd3 Nxf4+ 38. gxf4 Qxb3 39. Qxe3 Qf7 40. Qe5 Re8 0-1

[Event "Titled Tuesday intern op 02nd May Late"]
[Site "Chess.com INT"]
[Date "2023.05.02"]
[Round "9"]
[White "Grinev, Valeriy"]
[Black "Lopez Perdomo, Juan David"]
[Result "1-0"]
[WhiteElo "2418"]
[BlackElo "2029"]
[PlyCount "79"]
[EventDate "2023.05.02"]
[EventType "swiss (blitz)"]
[EventRounds "11"]
[EventCountry "USA"]
[SourceTitle "EXT 2024"]
[Source "ChessBase"]
[SourceDate "2023.10.10"]
[SourceVersion "1"]
[SourceVersionDate "2023.10.10"]
[SourceQuality "1"]

1. e4 e6 2. Nc3 d5 3. d4 Nf6 4. e5 Nfd7 5. Nf3 c5 6. Ne2 Nc6 7. c3 f5 8. h4 Be7 9. Bg5 0-0 10. Qd2 cxd4 11. Bxe7 Qxe7 12. cxd4 b6 13. a3 Ba6 14. Nf4 Bxf1 15. Kxf1 Na5 16. Rd1 Rac8 17. g3 Nc4 18. Qe2 b5 19. Kg2 h6 20. Ng6 Qf7 21. Nxf8 Rxf8 22. b3 Nxa3 23. Ra1 b4 24. Rhc1 f4 25. g4 Qg6 26. Kh3 h5 27. Rg1 Rf7 28. Ng5 hxg4+ 29. Qxg4 Rf5 30. Nxe6 Qxg4+ 31. Rxg4 Rf7 32. Nxf4 Nc2 33. Rxa7 Nxd4 34. e6 Rxf4 35. Rxf4 Nxe6 36. Rxb4 Nf6 37. Rb8+ Kh7 38. Rb6 Nf4+ 39. Kg3 Nd3 40. Rxf6 1-0

[Event "Titled Tuesday intern op 28th Mar Late"]
[Site "Chess.com INT"]
[Date "2023.03.28"]
[Round "7"]
[White "Lopez Perdomo, Juan David"]
[Black "Papayan, Oleg"]
[Result "0-1"]
[WhiteElo "2020"]
[BlackElo "2253"]
[PlyCount "142"]
[EventDate "2023.03.28"]
[EventType "swiss (blitz)"]
[EventRounds "11"]
[EventCountry "USA"]
[SourceTitle "EXT 2024"]
[Source "ChessBase"]
[SourceDate "2023.10.10"]
[SourceVersion "1"]
[SourceVersionDate "2023.10.10"]
[SourceQuality "1"]

1. e4 d5 2. exd5 Qxd5 3. Nf3 Bg4 4. Be2 Nc6 5. Nc3 Qd7 6. d4 0-0-0 7. Be3 Bxf3 8. Bxf3 Nxd4 9. Bxd4 Qxd4 10. Qxd4 Rxd4 11. Nb5 Rb4 12. Nxa7+ Kb8 13. a3 Rb6 14. 0-0-0 Kxa7 15. Rd8 Nf6 16. Re1 g6 17. Kb1 e6 18. g4 Bg7 19. Rd3 Rd6 20. Rb3 Rb6 21. Rc3 Nd5 22. Rb3 Rxb3 23. cxb3 c6 24. Bxd5 cxd5 25. Rc1 Kb6 26. a4 Be5 27. h3 h5 28. f3 hxg4 29. hxg4 Rh2 30. Rc8 Rxb2+ 31. Kc1 Rxb3 32. a5+ Kxa5 33. f4 Rc3+ 34. Kb1 Rxc8 35. fxe5 Rc4 36. g5 Rg4 37. Kc2 Rxg5 38. Kd3 Rxe5 39. Kd4 Re4+ 40. Kc5 d4 41. Kd6 d3 42. Ke7 d2 43. Kf6 d1Q 44. Ke7 g5 45. Kf6 g4 46. Kg7 g3 47. Kf6 g2 48. Ke7 f5 49. Kf6 f4 50. Ke7 f3 51. Kf6 f2 52. Kg5 Re3 53. Kh4 e5 54. Kg5 b5 55. Kf6 b4 56. Kg5 b3 57. Kh4 b2 58. Kg5 Ra3 59. Kf6 e4 60. Ke6 e3 61. Ke5 e2 62. Kf4 Kb4 63. Kg4 Kb3 64. Kh3 Ka2+ 65. Kh2 Ra8 66. Kh3 b1N 67. Kh4 e1N 68. Kh3 Ka1 69. Kh2 f1N+ 70. Kg1 Nf3+ 71. Kf2 Ra2# 0-1

[Event "Titled Tuesday intern op 21st Mar Late"]
[Site "Chess.com INT"]
[Date "2023.03.21"]
[Round "3"]
[White "Lopez Perdomo, Juan David"]
[Black "Toktomushev, Teimur"]
[Result "0-1"]
[WhiteElo "2020"]
[BlackElo "2255"]
[PlyCount "42"]
[EventDate "2023.03.21"]
[EventType "swiss (blitz)"]
[EventRounds "11"]
[EventCountry "USA"]
[SourceTitle "EXT 2024"]
[Source "ChessBase"]
[SourceDate "2023.10.10"]
[SourceVersion "1"]
[SourceVersionDate "2023.10.10"]
[SourceQuality "1"]

1. e4 c5 2. d4 cxd4 3. c3 dxc3 4. Nxc3 e6 5. Nf3 Nc6 6. Bc4 Bb4 7. 0-0 Nge7 8. Bg5 0-0 9. Qe2 Bxc3 10. bxc3 d5 11. exd5 exd5 12. Rad1 Qc7 13. Bxd5 Nxd5 14. Rxd5 Be6 15. Rd3 Bc4 16. Rfd1 Bxd3 17. Rxd3 Rfe8 18. Qd2 Ne5 19. Bf4 Nxf3+ 20. Rxf3 Rad8 21. Qc2 Re1# 0-1

[Event "Titled Tuesday intern op 14th Mar Late"]
[Site "Chess.com INT"]
[Date "2023.03.14"]
[Round "7"]
[White "Lopez Perdomo, Juan David"]
[Black "Negron Lizarazo, Juan Sebastian"]
[Result "1-0"]
[WhiteElo "2020"]
[BlackElo "1589"]
[PlyCount "81"]
[EventDate "2023.03.14"]
[EventType "swiss (blitz)"]
[EventRounds "11"]
[EventCountry "USA"]
[SourceTitle "EXT 2024"]
[Source "ChessBase"]
[SourceDate "2023.10.10"]
[SourceVersion "1"]
[SourceVersionDate "2023.10.10"]
[SourceQuality "1"]

1. e4 c5 2. d4 cxd4 3. c3 Nf6 4. e5 Nd5 5. Nf3 Nc6 6. cxd4 d6 7. exd6 Qxd6 8. Be2 g6 9. 0-0 Bg7 10. Nc3 0-0 11. Bg5 Be6 12. Bh4 Nf4 13. Bg3 Nxe2+ 14. Qxe2 Nxd4 15. Nxd4 Qxd4 16. Rad1 Qb4 17. a3 Qb6 18. Nb5 Rac8 19. b4 Bc4 20. Qxe7 Qxb5 21. Rfe1 Rfe8 22. Qh4 Rxe1+ 23. Rxe1 Qa4 24. Rc1 Qxa3 25. Bf4 Bb2 26. Re1 Be6 27. h3 Bc1 28. Be5 Bb2 29. Bf4 Qxb4 30. f3 Qd4+ 31. Kh2 Qf6 32. Bg5 Qg7 33. Bh6 Qe5+ 34. Bf4 Qa5 35. Rb1 Bf5 36. Rxb2 Qc3 37. Rxb7 a5 38. Qe7 Be6 39. Qg5 Qg7 40. Be5 Qf8 41. Qf6 1-0

[Event "Titled Tuesday intern op 14th Feb Late"]
[Site "Chess.com INT"]
[Date "2023.02.14"]
[Round "3"]
[White "Lopez Perdomo, Juan David"]
[Black "Figorito, Nick"]
[Result "1-0"]
[WhiteElo "1999"]
[BlackElo "2036"]
[PlyCount "157"]
[EventDate "2023.02.14"]
[EventType "swiss (blitz)"]
[EventRounds "11"]
[EventCountry "USA"]
[SourceTitle "CBM 212 Extra"]
[Source "ChessBase"]
[SourceDate "2023.03.31"]
[SourceVersion "1"]
[SourceVersionDate "2023.03.31"]
[SourceQuality "1"]

1. e4 e6 2. d4 d5 3. exd5 exd5 4. Nf3 Bd6 5. Bd3 Ne7 6. 0-0 0-0 7. c3 Bf5 8. Bg5 f6 9. Bh4 c6 10. Re1 Bxd3 11. Qxd3 Nd7 12. Nbd2 Qc7 13. Nf1 Rae8 14. Ne3 Ng6 15. Bg3 Bxg3 16. hxg3 Re6 17. Nf5 Rfe8 18. Rxe6 Rxe6 19. b4 a6 20. a4 Ne7 21. N3h4 Nxf5 22. Qxf5 Nf8 23. b5 cxb5 24. axb5 Qxc3 25. Rd1 Qb3 26. Qg4 Qxb5 27. Nf5 Qd7 28. Kh2 Re4 29. Qh3 a5 30. Ra1 a4 31. g4 b5 32. Qd3 Rxg4 33. Rb1 Ng6 34. Rxb5 Rxg2+ 35. Kh1 Rxf2 36. Rb8+ Nf8 37. Qa3 Qf7 38. Ne7+ Kh8 39. Rxf8+ Qxf8 40. Ng6+ hxg6 41. Qxf8+ Kh7 42. Qa3 Rf5 43. Qxa4 g5 44. Qd7 Kg6 45. Qe8+ Kh6 46. Kg2 Rf4 47. Qe3 Kg6 48. Kg3 Re4 49. Qd3 f5 50. Qa6+ Kh5 51. Qa7 f4+ 52. Kf2 Kg6 53. Qb6+ Kf5 54. Qa7 Kg4 55. Qd7+ Kh4 56. Qxd5 Re3 57. Qd8 Kg4 58. d5 Rf3+ 59. Kg1 Rg3+ 60. Kf2 Rf3+ 61. Ke2 Re3+ 62. Kd2 Rf3 63. d6 Rf2+ 64. Ke1 Ra2 65. d7 f3 66. Qc8 Ra1+ 67. Kf2 Ra2+ 68. Ke3 Ra3+ 69. Ke4 Ra4+ 70. Kd3 Ra3+ 71. Kc2 f2 72. d8Q+ Kg3 73. Qd6+ Kg2 74. Qb7+ Kg1 75. Qd4 Rg3 76. Qbxg7 Rg2 77. Qb7 Kf1 78. Qb1+ Ke2 79. Qd3# 1-0

[Event "Titled Tuesday intern op 14th Feb Late"]
[Site "Chess.com INT"]
[Date "2023.02.14"]
[Round "11"]
[White "Meunier Pion, Jean"]
[Black "Lopez Perdomo, Juan David"]
[Result "1-0"]
[WhiteElo "2207"]
[BlackElo "1999"]
[PlyCount "109"]
[EventDate "2023.02.14"]
[EventType "swiss (blitz)"]
[EventRounds "11"]
[EventCountry "USA"]
[SourceTitle "CBM 212 Extra"]
[Source "ChessBase"]
[SourceDate "2023.03.31"]
[SourceVersion "1"]
[SourceVersionDate "2023.03.31"]
[SourceQuality "1"]

1. e4 e6 2. d4 d5 3. Nd2 Nf6 4. e5 Nfd7 5. c3 c5 6. f4 Nc6 7. Ndf3 Be7 8. Bd3 f5 9. Ne2 0-0 10. 0-0 cxd4 11. cxd4 b6 12. Kh1 Nb4 13. Bb1 Ba6 14. a3 Nc6 15. Rg1 Na5 16. b4 Bxe2 17. Qxe2 Nb3 18. Ra2 Nxc1 19. Rxc1 Rc8 20. Rac2 Rxc2 21. Qxc2 b5 22. Qc7 Nb6 23. Qxa7 Nc4 24. Qa6 Qd7 25. Bd3 h6 26. h3 Rc8 27. a4 Bxb4 28. axb5 Rc7 29. Bxc4 dxc4 30. b6 Rb7 31. Rxc4 Bf8 32. Rc7 Rxc7 33. bxc7 Qxc7 34. Qxe6+ Kh8 35. Qxf5 Qd8 36. d5 Kg8 37. d6 Bxd6 38. Qe6+ Kh7 39. exd6 Qa5 40. Kh2 Qa4 41. Qf5+ Kg8 42. Ne5 Qd4 43. d7 h5 44. Qf7+ Kh7 45. Qxh5+ Kg8 46. Qe8+ Kh7 47. Qg6+ Kg8 48. Qg4 Kf8 49. Nc6 Qd6 50. d8Q+ Kf7 51. Qxd6 Kg8 52. Qd8+ Kf7 53. Qgd7+ Kg6 54. Qg5+ Kh7 55. Qdxg7# 1-0